| 000 | 00600nam a2200145Ia 4500 | ||
|---|---|---|---|
| 008 | 170221s9999 xx 000 0 und d | ||
| 100 | _aAbdo Ali Hoamid | ||
| 245 | 4 | _aThe Role of Customer-Focused Strategies to Improve Islamic Microfinance Institutions Performance: Empirical Evidence and Lessons from Yemen | |
| 245 | _cAbdo Ali Hoamid, Ali Yusob Md Zain, Yahya Ali Al-Matari, Mohd Sobri Minai, Fais Bin Ahmad | ||
| 260 | _bInternational Review of Management and Marketing | ||
| 260 | _c2016 | ||
| 300 | _a15 : 9 | ||
| 650 | _xMarketing. | ||
| 856 | _uhttp://www.econjournals.com/index.php/irmm | ||
| 999 |
_c311861 _d311861 |
||